LEADER 00946nam0-2200313---450- 001 990008171330403321 005 20050726150137.0 010 $a88-7681-033-1 035 $a000817133 035 $aFED01000817133 035 $a(Aleph)000817133FED01 035 $a000817133 100 $a20050726d1987----km-y0itay50------ba 101 0 $aita 102 $aIT 105 $aaf------001yy 200 1 $aSiracusa , cittą e fortificazioni$eSiracusa, Museo regionale di Palazzo Bellomo 19 giugno-19 luglio 1987$fLiliane Dufour 210 $aPalermo$cSellerio$dc1987 215 $a188 p.$cill.$d24 cm 300 $aCatalogo della mostra 610 0 $aSiracusa$aFortificazioni$aEsposizioni$a1987 700 1$aDufour,$bLiliane$023965 801 0$aIT$bUNINA$gRICA$2UNIMARC 901 $aBK 912 $a990008171330403321 952 $aCI.02.177$b168$fCICE 959 $aCICE 996 $aSiracusa , cittą e fortificazioni$9735915 997 $aUNINA